| 000 | 00695cab a2200241 4500 | ||
|---|---|---|---|
| 001 | ABS52175 | ||
| 008 | 090401t1994 xxu||||| |||| 00| 0 eng d | ||
| 035 | _a(Sirsi) u64622 | ||
| 041 | _aeng | ||
| 100 | _aDelafons, J. | ||
| 245 | _aWe are not amused | ||
| 260 | _c1994 | ||
| 350 | _a0 | ||
| 490 |
_aTown & Country Planning _v63(12) December 1994, 338-339(2) |
||
| 520 | _aExamines some of the planning issues which arise when a new amusement arcade is proposed taking Ealing as an example. | ||
| 650 | _aAMUSEMENT ARCADES | ||
| 650 | _aGAMING ACT 1968 | ||
| 650 | _aPLANNING ISSUES | ||
| 650 | _aPPG | ||
| 690 | _aPLANNING LAW AND PRACTICE | ||
| 942 | _n0 | ||
| 948 | _c04/03/1997 | ||
| 999 |
_c40257 _d40257 |
||